| 000 | 01602nam a2200481 i 4500 | ||
|---|---|---|---|
| 001 | 29715 | ||
| 003 | KOSZ 005 | ||
| 005 | 20200619094918.0 | ||
| 008 | 970513s1992 pl f |000 0 pol | ||
| 015 | _aUWD 1992/9881 | ||
| 020 | _a8301109726 | ||
| 035 | _a991001519599705066 | ||
| 035 | _a(PL-WaBN)b10434677-48omnis_nlop | ||
| 035 | _ab10434677 | ||
| 035 | _a(OCoLC)830059701 | ||
| 035 | _a(PL)b0000001043467 | ||
| 035 | _a(EXLNZ-48OMNIS_NETWORK)9910277508505606 | ||
| 040 |
_aWA N _cWA N _dKOSZ 005/EG |
||
| 080 | _a341.1/.8 | ||
| 080 | _a(075.8) | ||
| 100 | 1 |
_aBierzanek, Remigiusz _d(1912-1993) _eAutor |
|
| 245 | 1 | 0 |
_aPrawo międzynarodowe publiczne / _cRemigiusz Bierzanek, Janusz Symonides. |
| 250 | _aWyd. 2 zm. | ||
| 260 |
_aWarszawa : _bWydaw. Naukowe PWN, _c1992. |
||
| 300 |
_a432, [2] s. ; _c24 cm. |
||
| 336 |
_aTekst _btxt _2rdacontent |
||
| 337 |
_aBez urządzenia pośredniczącego _bn _2rdamedia |
||
| 338 |
_aWolumin _bnc _2rdacarrier |
||
| 380 | _aKsiążki | ||
| 380 | _aPublikacje dydaktyczne | ||
| 385 |
_mPoziom nauczania _aSzkoły wyższe |
||
| 388 | _a1901-2000 | ||
| 388 | _a1989-2000 | ||
| 504 | _aBibliogr. s. 423-427. | ||
| 650 | 7 |
_aPrawo międzynarodowe _2DBN |
|
| 655 | 7 |
_aPodręczniki akademickie _2DBN |
|
| 658 | _aPrawo i wymiar sprawiedliwości | ||
| 700 | 1 |
_aSymonides, Janusz _d(1938-2020) _eAutor |
|
| 710 | 2 |
_aWydawnictwo Naukowe PWN _4pbl |
|
| 856 |
_uhttp://koha.tu.koszalin.pl/cgi-bin/koha/opac-detail.pl?biblionumber=29715 _yKatalog online BPK |
||
| 942 |
_2UKD _cKS |
||
| 999 |
_c29715 _d29715 |
||